Elementos filosóficos de la literatura : esthetica /
Introducción a la estética en la cual el autor aborda los temas de Dios, la naturaleza y el hombra; Lo útil y agradable sensual como lo agradable espiritual; La belleza y sus condiciones subjetivas como son intuición, inteligencia sentimiento y simpatía; La belleza y sus condiciones objetivas tales...
Gorde:
| Egile nagusia: | |
|---|---|
| Formatua: | Liburua |
| Hizkuntza: | gaztelania |
| Gaiak: | |
| Etiketak: |
Etiketarik gabe, Izan zaitez lehena erregistro honi etiketa jartzen!
|
MARC
| LEADER | 00000nam^a2200000^a^4500 | ||
|---|---|---|---|
| 001 | 000156615 | ||
| 005 | 20250526000000.0 | ||
| 009 | 20260310100511.356 | ||
| 037 | |a Acervo ITESO - Biblioteca | ||
| 041 | |a ESP | ||
| 082 | |a 701. 17 |b NUÑ | ||
| 100 | |a Nuñez de Arenas, Isaac |e (autor) | ||
| 245 | 1 | 0 | |a Elementos filosóficos de la literatura : |b esthetica / |c I. Nuñez de Arenas. |
| 264 | |a Madrid, España : |b Imprenta de D.F. Sánchez a cargo de Agustín Espinosa, |c 1858 | ||
| 300 | |a XV, 164 p. ; |c 21.0 cm. | ||
| 520 | |a Introducción a la estética en la cual el autor aborda los temas de Dios, la naturaleza y el hombra; Lo útil y agradable sensual como lo agradable espiritual; La belleza y sus condiciones subjetivas como son intuición, inteligencia sentimiento y simpatía; La belleza y sus condiciones objetivas tales como la forma, la armonía, la variedad, la perfección; Lo sublime y sus especies y carácteres; el arte y sus condiciones subjetivas como es la imaginación, el gusto, el genio y la inspiración; Las condiciones objetivas del artes como son la forma, la escencia y la vida del arte mismo; comparativa entre las distintas artes Arquitectura, escultura, pintura, música, danza y poesía. | ||
| 649 | |a XX | ||
| 650 | |a Literatura - |x Filosofía | ||
| 650 | |a Subjetividad (Psicología) | ||
| 650 | |a Creación (Literaria, Artística, etc.) | ||
| 650 | |a Arquitectura - |x Filosofía | ||
| 650 | |a Escultura - |x Filosofía | ||
| 650 | |a Música - |x Filosofía | ||
| 650 | |a Danza - |x Filosofía | ||
| 650 | |a Recepción y Apreciación del Arte | ||
| 650 | |a Poética | ||
| 650 | |a Estética | ||
| 910 | |a Fondo Salvador Reynoso Reynoso | ||
| 920 | |a Impresos - Libros | ||
| 930 | |a Libros Antiguos y Raros | ||
| 905 | |a 108 | ||
| 901 | |a 0800016192 |b IT2 |c LRA |u 20250526 | ||
| 902 | |a https://opac.biblio.iteso.mx/vufind/Record/000156615 | ||